Around the world in 80 days Ο γύρος του κόσμου σε 80 ημέρες.
"Ο μοναδικός Μάικλ Πάλιν των θρυλικών Μόντι Πάιθον, δέχεται την ίδια πρόκληση με τον διάσημο ήρωα του Ιουλίου Βερν Φιλέα Φογκ, και ξεκινάει ένα συναρπαστικό ταξίδι σ'όλο τον κόσμο και μας παίρνει μαζί του". - Περίληψη από τη θήκη....
Αποθηκεύτηκε σε:
| Άλλοι συγγραφείς: | , , |
|---|---|
| Μορφή: | |
| Γλώσσα: | English Greek Romanian Bulgarian |
| Δημοσίευση: |
[S.l.] :
BBC,
c1989.
|
| Θέματα: | |
| Ετικέτες: |
Προσθήκη ετικέτας
Δεν υπάρχουν, Καταχωρήστε ετικέτα πρώτοι!
|
MARC
| LEADER | 00000cgm a2200000 i 4500 | ||
|---|---|---|---|
| 001 | 1/15386 | ||
| 008 | 111005s1989####xx ||| | || ||eng|| | ||
| 035 | |l 10110965 | ||
| 040 | |a GR-MY-UA |b gre |e aacr | ||
| 041 | 0 | |a eng |j gre |j rum |j bul | |
| 082 | 0 | |a 910.41 |2 (22) | |
| 245 | 1 | 0 | |a Around the world in 80 days |h [μαγνητοσκόπηση] = |b Ο γύρος του κόσμου σε 80 ημέρες. |
| 246 | 1 | |i Παράλληλος τίτλος: |a Ο γύρος του κόσμου σε 80 ημέρες |h [μαγνητοσκόπηση] | |
| 260 | |a [S.l.] : |b BBC, |c c1989. | ||
| 300 | |a 2 βιντεοδίσκοι (343 λεπτ.) : |b ομίλ., έγχρ. ; |c 4 3/4 ίν. | ||
| 500 | |a Στα αγγλικά με ελληνικούς υπότιτλους. | ||
| 500 | |a Υποψήφιο για 3 βραβεία Bafta; Βραβείο καλύτερης σειράς - Royal Television Society Award. | ||
| 508 | |a Σκηνοθεσία: Roger Mills & Clem Vallance, παραγωγή: Clem Vallance. | ||
| 511 | 0 | |a Παρουσίαση: Michael Palin. | |
| 520 | |a "Ο μοναδικός Μάικλ Πάλιν των θρυλικών Μόντι Πάιθον, δέχεται την ίδια πρόκληση με τον διάσημο ήρωα του Ιουλίου Βερν Φιλέα Φογκ, και ξεκινάει ένα συναρπαστικό ταξίδι σ'όλο τον κόσμο και μας παίρνει μαζί του". - Περίληψη από τη θήκη. | ||
| 600 | 1 | 0 | |a Palin, Michael |x Travel. |
| 650 | 0 | 0 | |a Voyages around the world. |
| 700 | 1 | |a Mills, Roger, |d 1936- |4 drt | |
| 700 | 1 | |a Vallance, Clem. |4 drt | |
| 700 | 1 | |a Palin, Michael. | |
| 852 | |a INST |b SYROS |c AV |e 20111005 |h 910.41 ARO |p 005500009736 |q 005500009736 |t DVD |y 23 |z Disc.1 | ||
| 852 | |a INST |b SYROS |c AV |e 20111005 |h 910.41 ARO |p 005500009737 |q 005500009737 |t DVD |y 23 |z Disc.2 | ||
| 852 | |a INST |b SYROS |c AV |e 20111005 |h 910.41 ARO |p 005500009736 |q 005500009736 |t DVD |v Disc.1: |y 23 |z Disc.1 | ||
| 852 | |a INST |b SYROS |c AV |e 20111005 |h 910.41 ARO |p 005500009737 |q 005500009737 |t DVD |v Disc.2: |y 23 |z Disc.2 | ||
| 853 | |a INST |b SYROS |c AV |h 910.41 ARO | ||
| 901 | |a BIBL5-2008-1 | ||
| 909 | |a Ε |b 169631 | ||
| 909 | |a Ε |b 169632 | ||
| 922 | |a 5ΕΛΗ |b 200709 |c ΒΙΒΛΙΟΘΗΚΗ ΣΥΡΟΥ |d ANACO | ||
| 970 | |a ΚΟΝΤΟΥ |b ΠΑΡΑΣΚΕΥΗ |z 2011/10/05 | ||